000 004950000a22001930004500
999 _c47824
_d47824
001 620
003 CO-MdFUSB
005 20180925143809.0
008 180925b xxu||||| |||| 00| 0 eng d
020 _a0-394-97340-2
040 _cCO-MdBIC
082 0 4 _a813C B45ba
100 1 _aBerenstain, Stan & Jan
245 1 0 _aThe Berenstain Bears andthe Bad Habit / Stan & Jan Berenstain
260 _aNewYork : Random House
300 _a[ 32 p. ]
650 1 4 _aLiteratura Infantil
942 _cLGB